000 01136nam a2200325 a 4500
001 000110015
003 CHAP
005 20220329144114.0
008 140620s2012 mx | |r| |||1|||spa|d
010 _a106477
011 _a107449
020 _a9786074510591
040 _cCHAP
082 0 4 _a379.72
_bA83
245 0 _aInclusión con responsabilidad social :
_belementos de diagnóstico y propuestas para una nueva generación de políticas de educación superior /
_cpor Rafael López Castañares ... [et al.].
260 3 _aMéxico, D.F. :
_bANUIES,
_c2012.
300 _a195 p.
500 _aIncluye: Indice de cuadros, graficas, mapas y recuadros
590 _aE11695DGD
_b10
_c20140624
_lUCH01
_h0823
590 _aE792CSJ
_b05
_c20140620
_lUCH01
_h1224
650 1 4 _aCiencia y Estado
_xMéxico.
_923151
650 1 4 _aEducación superior
_xEstadísticas
_zMéxico.
_935631
650 1 4 _aEducacion superior
_zMéxico.
_935406
650 1 4 _aPolítica educativa
_zMéxico.
_990561
650 1 4 _aTecnología
_zMéxico.
_9111958
700 1 _aLópez Castañares, Rafael
_9127403
901 _aBK
942 _cLIBRO
942 _n0
999 _c106477
_d106477